[Event "73rd ch-RUS 2020"]
[Site "Moscow RUS"]
[Date "2020.12.14"]
[Round "9.1"]
[White "Fedoseev,Vl3"]
[Black "Karjakin,Sergey"]
[Result "1/2-1/2"]
[WhiteElo "2674"]
[BlackElo "2752"]

1.d4 Nf6 2.c4 e6 3.Nc3 Bb4 4.f3 d5 5.a3 Bxc3+ 6.bxc3 c5 7.cxd5 Nxd5 8.dxc5 Qa5
9.e4 Nf6 10.Be3 O-O 11.Qb3 Nfd7 12.Bb5 Na6 13.Bxa6 Qxa6 14.a4 Ne5 15.Qb5 Qxb5
16.axb5 Bd7 17.Rb1 Rfc8 18.Ne2 Nd3+ 19.Kd2 Nxc5 20.c4 b6 21.Bxc5 Rxc5 22.Rb4 a5
23.bxa6 Rxa6 24.Nc3 Kf8 25.Rhb1 f6 26.Kd3 Rc6 27.f4 Be8 28.g4 Ke7 29.h4 Ra8
30.Nb5 Rd8+ 31.Ke3 Rc5 32.Nd4 Bd7 33.Nb3 Rc7 34.g5 e5 35.gxf6+ gxf6 36.fxe5 fxe5
37.Rg1 b5 38.Nd2 Kf6 39.Rf1+ Ke7 40.Rg1 Kf6  1/2-1/2

[Event "73rd ch-RUS 2020"]
[Site "Moscow RUS"]
[Date "2020.12.14"]
[Round "9.6"]
[White "Svidler,P"]
[Black "Artemiev,V"]
[Result "1/2-1/2"]
[WhiteElo "2723"]
[BlackElo "2711"]

1.e4 c5 2.Nf3 e6 3.d4 cxd4 4.Nxd4 Nf6 5.Nc3 Nc6 6.Nxc6 bxc6 7.e5 Nd5 8.Ne4 Bb7
9.Be2 c5 10.O-O Qc7 11.Nd6+ Bxd6 12.exd6 Qc6 13.f3 c4 14.Qd4 O-O 15.Bxc4 Qxd6
16.Be2 e5 17.Qf2 Qg6 18.c4 Nb4 19.Be3 Rfd8 20.Rad1 e4 21.f4 f6 22.Rd6 Nd3
23.Qg3 Qxg3 24.hxg3 Rac8 25.b3 Rc6 26.Rd4 Ra6 27.Bxd3 exd3 28.Rf2 Re8 29.Rxd3 Re7
30.Rfd2 Be4 31.Rc3 Bf5 32.Kf2 h5 33.a4 Kf7 34.Bc5 Re8 35.Re3 Rb8 36.Rd5 Kg6
37.Bd4 Rc8 38.Rc5 Ra8 39.Rc7 Rd6 40.Bxa7 Bg4 41.a5 Rd2+ 42.Kg1 Rb2 43.Bb6 Rb1+
44.Kh2 Rb2 45.c5 Ra2 46.b4 Rb2 47.Ra7 Rxa7 48.Bxa7 Rxb4 49.Ra3 Bf5 50.c6 Rc4
51.Bc5 Rxc5 52.a6 Rxc6 53.a7 Rc8 54.a8=Q Rxa8 55.Rxa8 Be6 56.Ra5 Bg4 57.Kg1 Bf5
58.Kf2 Be4 59.Rc5 Bc6 60.g4 hxg4 61.g3 f5 62.Ke3 Kf6 63.Ra5 g5 64.Rc5  1/2-1/2

[Event "73rd ch-RUS 2020"]
[Site "Moscow RUS"]
[Date "2020.12.14"]
[Round "9.3"]
[White "Esipenko,Andrey"]
[Black "Goganov,A"]
[Result "1-0"]
[WhiteElo "2686"]
[BlackElo "2594"]

1.e4 e5 2.Nf3 Nc6 3.Bb5 Nf6 4.d3 Bc5 5.Nc3 O-O 6.Bxc6 dxc6 7.Ne2 Bd6 8.Ng3 Nd7
9.Nf5 Nc5 10.g4 Ne6 11.h4 c5 12.Rg1 b5 13.Be3 a5 14.h5 a4 15.a3 b4 16.Nd2 Ra6
17.Nc4 Ng5 18.Rg3 bxa3 19.Rxa3 Be6 20.Qd2 h6 21.Qc3 f6 22.Bxg5 hxg5 23.Ke2 Qd7
24.Rg1 Rfa8 25.Rga1 Bf8 26.f3 Qc6 27.Nfe3 Kh7 28.Qe1 Qb7 29.Kf2 Kh8 30.R1a2 Bd7
31.Nd5 Be6 32.Nc3 Qc6 33.Qa1 Bxc4 34.dxc4 Qd7 35.Nd5 c6 36.Ne3 Qd2+ 37.Kg3 Rd8
38.Qg1 Qb4 39.Qc1 Ra7 40.c3 Qb8 41.Rxa4 Rad7 42.Ra6 Qb7 43.Qa1 Rd2 44.Ra8 Kg8
45.Rxd8 Rxd8 46.Qc1 Rd3 47.Kf2 Rd8 48.Ke2 Qd7 49.Qc2 Qb7 50.Ra1 Rb8 51.Rb1 Qa6
52.Rd1 Qa2 53.Rd2 Rb7 54.Kf2 Rb6 55.Kg3 Rb8 56.Qc1 Rb7 57.Kf2 Rb8 58.Rc2 Rd8
59.Qe1 Rd7 60.Rd2 Rb7 61.Qe2 Qb1 62.Nd1 Be7 63.Ne3 Rb8 64.Kg2 Rb7 65.Nd1 Kf8
66.Kh3 Kf7 67.Qf2 Kg8 68.Ne3 Qh1+ 69.Kg3 Qb1 70.Qf1 Qa2 71.Qe2 Bf8 72.Kh2 Qb1
73.Kg2 Qa1 74.Qd1 Qa2 75.b4 Qa3 76.b5 cxb5 77.Rd8 Rf7 78.Qd5  1-0

[Event "73rd ch-RUS 2020"]
[Site "Moscow RUS"]
[Date "2020.12.15"]
[Round "10.1"]
[White "Karjakin,Sergey"]
[Black "Artemiev,V"]
[Result "1-0"]
[WhiteElo "2752"]
[BlackElo "2711"]

1.e4 e5 2.Nf3 Nc6 3.Bb5 a6 4.Ba4 d6 5.c3 Bd7 6.O-O g6 7.d4 Nf6 8.Re1 Bg7
9.h3 O-O 10.Bc2 b5 11.Be3 exd4 12.cxd4 Nb4 13.Nc3 Nxc2 14.Qxc2 b4 15.Ne2 Re8
16.Ng3 h6 17.Bd2 a5 18.a3 bxa3 19.Rxa3 a4 20.Qc1 Kh7 21.e5 Ng8 22.Re4 f6
23.Rh4 Rf8 24.exf6 Bxf6 25.Rf4 Rc8 26.d5 c6 27.dxc6 Bxc6 28.Bc3 Bxf3 29.Rxf3 d5
30.Qd1 Bxc3 31.Rfxc3 Qb6 32.Qc2 Rxc3 33.Rxc3 Ne7 34.h4 Kg7 35.h5 g5 36.Re3 Rf7
37.Qe2 Nf5 38.Re6 Qd4 39.Rg6+ Kf8 40.Nxf5 Rxf5 41.Rxh6 Rf6 42.Rh8+ Kg7 43.Re8 g4
44.Qe7+ Kh6 45.Rh8+ Kg5 46.Rg8+ Kh4 47.g3+ Kh3 48.Qe1 Qd3 49.Re8 a3 50.Re2 Rxf2
51.Qxf2  1-0

[Event "73rd ch-RUS 2020"]
[Site "Moscow RUS"]
[Date "2020.12.15"]
[Round "10.4"]
[White "Goganov,A"]
[Black "Chigaev,M"]
[Result "1-0"]
[WhiteElo "2594"]
[BlackElo "2619"]

1.c4 g6 2.g3 Bg7 3.Bg2 e5 4.Nc3 Nc6 5.e4 d6 6.Nge2 Nh6 7.d3 f5 8.Nd5 O-O
9.h4 Nf7 10.Be3 Nd4 11.Qd2 Nxe2 12.Qxe2 c6 13.Nc3 f4 14.Bd2 Nh6 15.f3 fxg3
16.Bg5 Qe8 17.Be3 Nf7 18.O-O-O Nd8 19.Qe1 Ne6 20.Qxg3 Nf4 21.Bxf4 exf4 22.Qf2 h5
23.d4 Be6 24.Bf1 a6 25.Rg1 Bf7 26.Bd3 b5 27.e5 dxe5 28.d5 cxd5 29.Nxd5 e4
30.Bxe4 bxc4 31.Bxg6 Rb8 32.Be4 Bxd5 33.Rxg7+ Kxg7 34.Qg1+  1-0

[Event "73rd ch-RUS 2020"]
[Site "Moscow RUS"]
[Date "2020.12.16"]
[Round "11.2"]
[White "Esipenko,Andrey"]
[Black "Fedoseev,Vl3"]
[Result "1/2-1/2"]
[WhiteElo "2686"]
[BlackElo "2674"]

1.e4 e5 2.Nf3 Nc6 3.Bb5 a6 4.Ba4 Nf6 5.O-O Nxe4 6.d4 b5 7.Bb3 d5 8.dxe5 Be6
9.c3 Be7 10.h3 O-O 11.Bc2 Qc8 12.Nbd2 f5 13.exf6 Nxf6 14.Re1 Bd6 15.Nf1 Ne7
16.Ng3 Bd7 17.Bg5 Kh8 18.Ne5 Be6 19.Qd3 Bg8 20.Re2 Nd7 21.Ng4 Nc5 22.Qd2 Nc6
23.Rae1 Qd7 24.Nh5 Ne4 25.Bxe4 dxe4 26.b3 Rf5 27.Ng3 Rd5 28.Qc1 h6 29.Bf4 h5
30.Nh2 Bxf4 31.Qxf4 Ne5 32.Rf1 Nd3 33.Qe3 Re8 34.Nxe4 Bh7 35.f3 c5 36.c4 bxc4
37.bxc4 Rd4 38.Rd2 Qd8 39.Kh1 Kg8 40.Qg1 Qa5 41.Rfd1 Red8 42.Nf1 Bxe4 43.fxe4 Qa4
44.Ne3 Nb2 45.Rxd4 cxd4 46.Rd2 Nxc4 47.Nxc4 Qxc4 48.Qd1 Qc5 49.Rd3 Qe5 50.Qe2 a5
51.Rd1 Kh7 52.Qd3 g6 53.Rf1 Rd7 54.Rd1 Kg7 55.Kg1 Rd6 56.Kh1 h4 57.Kg1 Qg3
58.Qxg3 hxg3 59.Rd3 Kf6 60.Kf1 Ke5 61.Rxg3 Rc6 62.Ke1 Kxe4 63.Kd2 a4 64.h4 Re6
65.Rg4+ Kd5 66.Rg3 Kc4 67.Ra3 Kb4 68.Rd3 Re4 69.g3 Kc4 70.Ra3 Kb5 71.Rf3 Kc4
72.Ra3 Kb4 73.Rd3 Kc4  1/2-1/2

[Event "73rd ch-RUS 2020"]
[Site "Moscow RUS"]
[Date "2020.12.16"]
[Round "11.4"]
[White "Matlakov,M"]
[Black "Goganov,A"]
[Result "1-0"]
[WhiteElo "2698"]
[BlackElo "2594"]

1.d4 Nf6 2.c4 e6 3.g3 Bb4+ 4.Bd2 Be7 5.Bg2 d5 6.Nf3 O-O 7.Qc2 Nbd7 8.O-O c6
9.Rc1 a5 10.a4 h6 11.Na3 Ne4 12.Be3 f5 13.Ne1 Qe8 14.f3 Nef6 15.Nd3 g5 16.Re1 Bd6
17.Rad1 Qg6 18.Qc1 Kh7 19.Nb1 e5 20.dxe5 Nxe5 21.Nxe5 Bxe5 22.f4 gxf4 23.Bxf4 Bxf4
24.Qxf4 Be6 25.cxd5 Bxd5 26.Nc3 Bxg2 27.Kxg2 Rf7 28.Rf1 Nh5 29.Qe5 Ng7 30.Rd6 Re8
31.Qd4 Re6 32.Rd7 Qf6 33.Qxf6 Rfxf6 34.Rxb7 Kg6 35.Rd1 Re5 36.Rd8 Ne6 37.Rg8+ Kh5
38.b4 Re3 39.bxa5 Rxc3 40.a6 Rc2 41.a7 Rxe2+ 42.Kf1 Nd4 43.a8=Q Rfe6 44.Qf8  1-0